Cash flow forecasting
Na minha lista:
| Outros Autores: | |
|---|---|
| Formato: | Livro |
| Idioma: | inglês |
| Publicado em: |
Oxford
Elsevier/Butterworth-Heinemann
2006
|
| Colecção: | Essential capital markets
|
| Assuntos: | |
| Tags: |
Sem tags, seja o primeiro a adicionar uma tag!
|
MARC
| LEADER | 00000nam a2200000 4500 | ||
|---|---|---|---|
| 001 | 0220075 | ||
| 005 | 20240312115455.1 | ||
| 020 | |a 978-0-7506-6136-2 | ||
| 020 | |a 0-7506-6136-4 | ||
| 041 | 0 | |a eng | |
| 044 | |a GB | ||
| 245 | 1 | 0 | |a Cash flow forecasting |c edited by Andrew Fight |
| 264 | 1 | |a Oxford |b Elsevier/Butterworth-Heinemann |c 2006 | |
| 300 | |a x, 252 s. | ||
| 490 | 1 | |a Essential capital markets | |
| 830 | 0 | |a Essential capital markets | |
| 610 | 2 | 0 | |a cash flow |
| 610 | 2 | 0 | |a predvídanie |
| 610 | 2 | 0 | |a výkazy finančné |
| 610 | 2 | 0 | |a aktíva |
| 610 | 2 | 0 | |a štruktúra kapitálová |
| 700 | 1 | |a Fight, Andrew | |